000
00219nam a22000857a 4500
008
161209b xxu||||| |||| 00| 0 eng d
100
_9
1957
_a
Bhandari.N.S.
245
_a
Physics Together-XII
260
_a
New Delhi
_b
Rachna
_c
2010
999
_c
4752
_d
4752